000 00791nam a22002417a 4500
005 20250402160721.0
008 250402b |||||||| |||| 00| 0 eng d
020 _a978-1-4725-1892-7 (pbk)
037 _cTB
040 _aCRL
_cCRL
041 _2eng
_aeng
084 _aR3xC67:g Q0
_qCRL
100 _aMoseley, Alexander
_9145857
245 _aAristotle
260 _aLondon, UK:
_bBloomsbury,
_c2010.
300 _axiv, 230p.
365 _b36.99
_cUKP
490 _aBloomsbury library of educational thought, (Editor) Richard Bailey
650 _aAristotle
_9416435
650 _aPhilosophy
942 _2CC
_cTB
_hR3xC67:g Q0
_n0
999 _c1308410
_d1308410